000 00679nam a2200205Ii 4500
003 JO-AjNU
008 230605s9999||||xx |||||||||||||| ||und||
040 _aJO-AjNU
_bara
_erda
_cJO-AjNU
041 _aara
050 1 4 _aBP130.Q8.1981
100 3 _aقبيسي،محمد,
_eauthor
_910154
245 0 0 _aتدوين القرآن الكريم الوثيقة الأولى في الإسلام
250 _aط1
264 3 1 _aبيروت:منشورات دار الافاق الجديدة ،1981
300 _a113ص
336 _atext
_btxt
_2rdacontent
337 _aunmediated
_bn
_2rdamedia
338 _avolume
_bnc
_2rdacarrier
650 4 _aالقرآن-جمع وتدوين
_910155
999 _aA1663
_c5231
_d5231